| 000 | 00858cam a22002775a 4500 | ||
|---|---|---|---|
| 001 | 12574401 | ||
| 005 | 20170427144553.0 | ||
| 008 | 011029s2001 enka frb 001 0deng d | ||
| 020 | _a0192854526 | ||
| 020 | _a9780192854520 | ||
| 040 |
_aDLC _cDLC _dDLC _dEG-ScBUE _beng |
||
| 082 | 0 | 4 |
_222 _a189.2 _bCHA |
| 100 | 1 |
_aChadwick, Henry, _d1920-2008. |
|
| 245 | 1 | 0 |
_aAugustine : _ba very short introduction / _cHenry Chadwick. |
| 260 |
_aOxford ; _aNew York : _bOxford University Press, _c2001. |
||
| 300 |
_a134 p. : _bill. ; _c18 cm. |
||
| 490 | 0 |
_aVery short introductions ; _v38 |
|
| 500 | _aIndex : p. 131-134. | ||
| 504 | _aBibliography : p. 129-130. | ||
| 600 | 0 | 0 |
_aAugustine, _cSaint, Bishop of Hippo. |
| 650 | 7 |
_2BUEsh _941241 _aTheology. |
|
| 650 | 7 |
_2BUEsh _aChristian saints. |
|
| 651 | _2BUEsh | ||
| 653 |
_bHHUUPPSS _cApril2017 |
||
| 942 | _2ddc | ||
| 999 |
_c24737 _d24709 |
||